Giros de Aspas /

Αποθηκεύτηκε σε:
Λεπτομέρειες βιβλιογραφικής εγγραφής
Συγγραφή απο Οργανισμό/Αρχή: Asociación de Psicoanálisis Crítico Social
Μορφή: Βιβλίο
Γλώσσα:Spanish
Έκδοση: San José, Costa Rica : ASPAS
Θέματα:
Ετικέτες: Προσθήκη ετικέτας
Δεν υπάρχουν, Καταχωρήστε ετικέτα πρώτοι!

MARC

LEADER 00000nam a22000007a 4500
003 cru CIDCAC/IIS
005 20231020062559.0
008 230620b |||||||| |||| 00| 0 spa d
022 |a 1023-7119 
040 |c cru CIDCAC/IIS 
090 |a REV1607 
110 1 |a Asociación de Psicoanálisis Crítico Social  |9 11456 
245 1 |a Giros de Aspas /  |c Asociación de Psicoanálisis Crítico Social 
260 |a San José, Costa Rica :  |b ASPAS 
500 |a EXISTENCIAS : 1988 (4) 
500 |a Colección Centroamérica 
650 0 |a PSICOLOGIA  |9 3105 
650 0 |9 2120  |a PSICOLOGIA SOCIAL 
650 0 |9 3096  |a PSIQUIATRIA 
650 0 |9 6274  |a ETNOLOGIA 
650 0 |9 5457  |a PSICOANALISIS 
942 |2 ddc  |c PP 
999 |c 45091  |d 45091